000
00281nam a2200133Ia 4500
100
_a
Gibson/Jerry D
942
_c
BK
654
_a
multimedia
245
_a
Multimedia communication
260
_b
Academic Press
_c
2001
082
_a
4.65
_b
GIB
300
_a
318
546
_a
ENGLISH
999
_c
26791
_d
26791